Statistiques concernant Joueurs français passés par Liverpool

Cliquez ici pour prendre le quiz!

Statistiques générales

  • Ce quiz a été pris 310 fois
  • Le résultat moyen est 4 sur 18

Statistiques - réponses

AnnéeMatchsNom% Correct
2021-29Ibrahima Konaté
89%
2004-200779Djibril Cissé
61%
2013-201780Mamadou Sakho
58%
2003-200765Florent Sinama-Pongolle
32%
200222Nicolas Anelka
31%
2002-200832Anthony Le Tallec
26%
2008-201194David N'Gog
16%
2019-2Billy Koumetio
11%
2013-201419Aly Cissokho
10%
2002-200648Bruno Cheyrou
10%
2002-20030Alou Diarra
6%
2017-20212Yasser Larouci
6%
2000-20045Bernard Diomède
4%
2007-20108Damien Plessis
4%
2000-200520Grégory Vignal
4%
2000-20036Pegguy Arphexad
4%
1998-19992Jean-Michel Ferri
3%
2002-20051Patrice Luzi
3%

Distribution des résultats

Percentile par nombre de réponses

% des personnes avec chaque résultat

Votre développement - résultats

Vous n’avez pas pris ce quiz